000 00575nam a22001817a 4500
005 20251108165041.0
008 250721s2005 xx 000 0 ara d
082 1 4 _a612.64/حمو
100 1 _aالحمود، محمد حسين
_eمؤلف
245 1 0 _aعلم الجنة الطبي الجهاز القلبي الوعائي .. /
264 1 _aعمان :
_bدار الأهلية،
_c2005.
300 _a339ص.
650 1 7 _aعلم الاجنه
650 1 7 _aالتطور البيولوجي
700 1 _aيوسف، وليد حميد
942 _2ddc
_cBK
999 _c20934
_d20934